000
00221nam a22000857a 4500
008
160629b xxu||||| |||| 00| 0 eng d
100
_9
1407
_a
Minhas, D.S
245
_a
Operate Computers Yourself
260
_a
N.D
_b
Dreamland
_c
2001
999
_c
1165
_d
1165